| 000 | 00359nam a2200133Ia 4500 | ||
|---|---|---|---|
| 005 | 20251222144648.0 | ||
| 008 | 251222s9999||||xx |||||||||||||| ||spa|| | ||
| 020 | _a958-20-0639-0 | ||
| 082 | _a001.42/B25L | ||
| 100 | _aBarrera Morales, Marcos Fidel | ||
| 245 | 0 | _aLíneas de Investigación en Investigación Holística | |
| 264 | _bMagisterio | ||
| 942 | _cLIB | ||
| 999 |
_c16937 _d16937 |
||